Normal view
MARC view
Entry Personal Name
001 - CONTROL NUMBER
- control field: 54465
003 - CONTROL NUMBER IDENTIFIER
- control field: dpl
005 - DATE AND TIME OF LATEST TRANSACTION
- control field: 20121220112421.0
008 - FIXED-LENGTH DATA ELEMENTS
- fixed length control field: 121220|||a|||||| | ||| d
040 ## - CATALOGING SOURCE
- Original cataloging agency: dpl
- Transcribing agency: dpl
100 ## - HEADING--PERSONAL NAME
- Personal name: नरवणे, अंजनी
670 ## - SOURCE DATA FOUND
- Source citation: Work cat.: (dpl)72331: 53016 कलाम, ए.पी.जे अब्दुल, टर्निंग पॉइंट् स /, 2012
670 ## - SOURCE DATA FOUND
- Source citation: Work cat.: (dpl)72331: 53016 कलाम, ए.पी.जे अब्दुल, टर्निंग पॉइंट् स /, 2012
